000
00258nam a2200109Ia 4500
005
20251222114416.0
008
251222s1900||||xx |||||||||||||| ||spa||
082
_a
DVD0080/S29/2003
245
0
_a
VerĂ³nica Guerin:
264
_b
Touchstone Pictures
942
_c
DVD
999
_c
2236
_d
2236